| 000 | 00602nam a2200241Ia 4500 | ||
|---|---|---|---|
| 008 | 181129s9999 xx 000 0 und d | ||
| 020 | _a9781101921517 | ||
| 050 | _a570.7 | ||
| 050 | _bP957 2016 | ||
| 100 | _aPrinceton Review. | ||
| 245 | 0 | _aHigh school biology unlocked / | |
| 245 | 0 | _cby Princeton Review. | |
| 260 | _aNew York, NY : | ||
| 260 | _bPenguin Random House, | ||
| 260 | _c2016 | ||
| 300 | _a304 pages : | ||
| 300 | _billustrations ; | ||
| 300 | _c22cm. | ||
| 650 | _aBiology -- | ||
| 650 | _aScience. | ||
| 650 | _xStudy and teaching, (Secondary). | ||
| 700 | _aTitle. | ||
| 999 |
_c360184 _d360184 |
||